| 000 | 00572nam a2200181Ia 4500 | ||
|---|---|---|---|
| 008 | 090123s9999 xx 000 0 und d | ||
| 082 | _b2295 | ||
| 100 | _aधारप नारायण | ||
| 245 | _aसमर्थांची साहसे | ||
| 250 | _a1 | ||
| 260 | _bकेसरी मुद्रणालय | ||
| 300 | _a147 | ||
| 600 | _aधारप नारायण | ||
| 630 | _aसमर्थांची साहसे | ||
| 700 | _aधारप नारायण | ||
| 730 | _aसमर्थांची साहसे | ||
| 942 | _cBOOK | ||
| 999 |
_c40379 _d40379 |
||